000 00722nam a2200229 a 4500
001 BRCA_5642
005 20190320205150.0
008 220211t1941----mx-a######---#000-0#spa-#
041 _aspa
044 _amx
050 4 _aNB253
_b.I43 1941
245 1 0 _aImaginería colonial
_cintrod. Manuel Toussaint ; ilustración Manuel Rodríguez Lozano.
260 _aMéxico
_bUNAM, Escuela Nacional de Artes Plásticas
_c1941
300 _a8 p.
_bil., 26 láminas
_c37 cm.
500 _aEdición con cintillas
500 _aF120
650 1 4 _aEscultura mexicana
_92432
700 1 _aToussaint, Manuel
_d1890-1955
_914351
700 1 _aRodríguez Lozano, Manuel
_d1897-1971
_eIlustrador
_914352
902 _aGFM
942 _2lcc
_cB
999 _c5336
_d5336